000 01018nam a22002297a 4500
003 OSt
005 20250916160956.0
008 240322b ||||| |||| 00| 0 eng d
040 _c0
082 _aDPer 621.381 In821 September 2022 v. 37 n. 9
100 _aLeng, Yang.
_eauthor.
_955186
245 _aOFDM-based intrinsically safe power and signal synchronous transmission for CC-PT-controlled buck converters /
_cYang Leng, Dongsheng Yu, Kunfeng Han, Samson Shenglong Yu, and Yihua Hu.
260 _aNew York ;
_bThe Institute of Electrical and Electronics Engineers, Inc. ,
_cSeptember 2022.
300 _aVolume 37, pages 10319-10331 :
_billustration ;
_c28 cm.
500 _aIEEE Transitions on Power Electronics, v. 37 n. 9, pages 10319-10331, September 2022.
700 _aLeng, Yang.
_eauthor.
_955186
700 _aYu, Dongsheng.
_eauthor.
_955187
700 _aHan, Kunfeng.
_eauthor.
_955188
700 _aYu, Samson Shenglong.
_eauthor.
_955189
700 _aHu, Yihua.
_eauthor.
_955190
942 _2ddc
_cPER
999 _c19803
_d19803